| 000 | 01144cam a2200337 a 4500 | ||
|---|---|---|---|
| 001 | 5959 | ||
| 003 | FISKH | ||
| 005 | 20250211154647.0 | ||
| 008 | 100326s2011 nyua b 000 1 eng | ||
| 010 | _a 2010006900 | ||
| 020 | _a9780316070386 | ||
| 020 | _a9780545636155 | ||
| 040 |
_aDLC _cDLC _dDLC _beng |
||
| 050 | _aPZ7.H18944 C | ||
| 082 | _a823.92 | ||
| 100 | 1 |
_aHan, Jenny _d(1980-) |
|
| 245 | 1 | 0 |
_aClara Lee and the apple pie dream / _cJenny Han ; with pictures by Julia Kuo. |
| 250 | _aThis edition first published in 2013 | ||
| 260 |
_aNew York : _bScholastic , _c2011. |
||
| 300 |
_a149 pages : _billustrations ; _c20 cm. |
||
| 505 | _aP | ||
| 520 | _aKorean American fourth-grader Clara Lee longs to be Little Miss Apple Pie, and when her luck seems suddenly to change for the better, she overcomes her fear of public speaking and enters the competition. | ||
| 521 | 8 |
_a600
_bLexile |
|
| 521 | 8 |
_aP
_bRaz-Plus |
|
| 650 | 1 |
_aLuck _vFiction. |
|
| 650 | 1 |
_aSchools _vFiction. |
|
| 700 | 1 |
_aKuo, Julia _eillustrator |
|
| 906 |
_a7 _bcbc _corignew _d1 _eecip _f20 _gy-gencatlg |
||
| 942 |
_2ddc _cBK _n0 |
||
| 999 |
_c5959 _d5959 |
||